000 00475cam a2200157 4500500
005 20260329003652.0
041 _afre
042 _adc
100 1 0 _aGoron, Gaëtan
_eauthor
245 0 0 _aMots croisés #24
260 _c2016.
500 _a83
690 _aMots croisés
786 0 _nPhilosophie magazine | 101 | 7 | 2016-07-01 | p. 81-81 | 1951-1787
856 4 1 _uhttps://shs.cairn.info/magazine-philosophie-magazine-2016-7-page-81?lang=fr&redirect-ssocas=7080
999 _c1826590
_d1826590